South African Journal of Labour Relations

Detalles Bibliográficos
Formato: eBook
Lenguaje:inglés
Publicado: Pretoria: Sabinet African Journals, 2001 -
Materias:
Acceso en línea:Acceso restringido

MARC

LEADER 00000nam a22000007a 4500
005 20211125203711.0
007 cr|||| ||||
008 211125c20019999za ar|w s|||| 0|||b1eng d
022 |a 0379-8410 
035 |a 33748 
040 |a vLex 
090 |c 12689  |d 12689 
245 0 0 |a South African Journal of Labour Relations  |h [Recurso electrn̤ico] / 
256 |a Servicio en ln̕ea 
260 |a Pretoria:  |b Sabinet African Journals,  |c 2001 - 
300 |a 1 recurso electrn̤ico 
310 |a Anual 
500 |a Apart from articles of an academic nature which are research based, the journal will publish commentaries, analyses, overviews, case studies, survey results and reports on aspects related to employment relations (in the broadest sense) in South and southern Africa in particular — as well as any relevant international issues in terms of current ideas, theory-building and developments in practice. While interested authors from any country are invited to submit their work for possible publication, Africa-related themes are especially encouraged in the context of the dire need to develop indigenous theory and understanding of people management in the African context. This journal is continued by African Journal of Employee Relations. 
506 1 |a Disponible solo en los productos indicados  |d vLex Global  |d vLex Global (Academic Edition, excluding Law Schools)  |d vLex Global (U.S. Academic Edition, Law Schools)  |d vLex Global (U.S. Academic Edition, excluding Law Schools)  |d vLex Global (Academic Edition, Law Schools) 
650 0 4 |a Derecho Laboral y Seguridad Social  |z Sudf̀rica 
740 0 |a vLex Revistas (Servicio en ln̕ea) 
856 4 0 |u https://app.vlex.com/#/sources/33748  |z Acceso restringido 
942 |c REV 
999 0 |a Labor law and social security